| 000 | 01448nam0a2200349 4500 | ||
|---|---|---|---|
| 001 | RU\NLR\bibl\1222650 | ||
| 005 | 20260405174011.0 | ||
| 010 |
_a978-5-17-048634-2 _97000 |
||
| 021 |
_aRU _b2008-17921 _9978 |
||
| 035 | _a(NLR Aleph) 001208988 | ||
| 090 |
_a65997 _c65997 |
||
| 100 | _a20080505d2008 |||y0rusy50 ca | ||
| 101 | 0 | _arus | |
| 102 | _aRU | ||
| 105 | _ay ||||||||| | ||
| 200 | 1 |
_aАнастасия: календарь для дачников, огородников и всех, кто стремится жить в гармонии с Природой _e[календарь счастья первой ступени] _fМария Игнатова |
|
| 210 |
_aМосква _cАСТ _d2008 |
||
| 215 |
_a316 с. _d21 |
||
| 225 | 1 | _aЗнахарь | |
| 300 | _aНа обл. авт. не указан | ||
| 600 | 0 |
_aАнастасия _jКалендари _92078895 _3RU\NLR\auth\661254762 |
|
| 606 | 1 |
_aПриусадебное садоводство _jКалендари _91897721 _3RU\NLR\auth\66863613 |
|
| 606 | 1 |
_aНародная медицина _jКалендари _yРоссия _91759654 _3RU\NLR\auth\66789094 |
|
| 686 | _aР359.2(2)я25 | ||
| 686 | _aП23,1я25 | ||
| 686 | _aЮ96я25 | ||
| 700 | 1 |
_4070 _8rus _7ca _aИгнатова _bМ. _cэзотерик _gМария _3RU\NLR\auth\7775309 _958237 |
|
| 801 | 0 |
_aRU _bNLR _c20080505 _gRCR |
|
| 801 | 1 |
_aRU _bNLR _c20080505 |
|
| 942 | _cBOOK | ||
| 980 | _aNB | ||